000 00586nam a2200193Ia 4500
005 20221216151458.0
008 131103s9999 xx 000 0 und d
020 _c6.90 pds
040 _aLoreto College
041 _aEnglish
082 _a813.08
_bHIL
245 _aHow we live (Vol I)
_b contemporary life in contemporary fiction
_cedited by Penney Chapin Hills and L.Rust Hills
260 _aNew York
_bCollier Books
_cc 1968
300 _a562 p.
650 _aShort Stories American - Collected Works
700 _aHills, Penney Chapin;ed.
850 _aLCLIB
942 _cBK
999 _c11780
_d62259